000
00325nam a2200133Ia 4500
005
20251222152621.0
008
251222s9999||||xx |||||||||||||| ||spa||
020
_a
8401605857
082
_a
799.16/P66/V.II
245
0
_a
El Gran Libro de la Pesca
250
_a
1ra.ed.
264
_b
Plaza&James Editores, S.A.
942
_c
LIB
999
_c
27351
_d
27351